El hombre de las dos patrias : tras las huellas de Albert Camus /

Detalles Bibliográficos
Autor principal: Reverte, Javier, 1944- (Autor)
Formato: Electrónico eBook
Lenguaje:español
Publicado: Barcelona (España) : B de Books, [2016]
Edición:1a. edición.
Colección:Papel (Ediciones B)
Materias:
Acceso en línea:Digitalia Hispánica

MARC

LEADER 00000nam a2200000Ii 4500
001 DIGEDICNSB0234
003 NyNyDIG
006 m o d
007 cr |||||||||||
008 251203s2016 sp o ob 000 0 spa d
035 |a (OCoLC)1560009374 
040 |a DGITA  |b eng  |e rda  |e pn  |c DGITA 
020 |a 9788490693902  |q digital 
020 |z 9788466658591 
050 1 4 |a PQ2605.A3734 ebook 
100 1 |a Reverte, Javier,  |d 1944-  |e author. 
245 1 3 |a El hombre de las dos patrias :  |b tras las huellas de Albert Camus /  |c Javier Reverte. 
264 1 |a Barcelona (España) :  |b B de Books,  |c [2016] 
250 |a 1a. edición. 
300 |a 1 online resource :  |b photographs. 
336 |a text  |b txt  |2 rdacontent 
337 |a computer  |b c  |2 rdamedia 
338 |a online resource  |b cr  |2 rdacarrier 
347 |a text file  |2 rdaft 
347 |b EPUB 
490 1 |a Papel 
504 |a Includes bibliographical references. 
588 0 |a Online resource; title from ePub title page (Digitalia, viewed December 3, 2025) 
600 1 0 |a Camus, Albert,  |d 1913-1960  |x Criticism and interpretation. 
791 2 |a Digitalia (Firm),  |e distributor. 
793 0 |g Digitalia eBook Collection:  |a Ediciones B 
776 0 8 |i Print version:  |a Reverte, Javier, 1944-  |t Hombre de las dos patrias.  |b 1a. edición.  |d Barcelona (España) : Ediciones B, [2016]  |z 9788466658591 
830 0 |a Papel (Ediciones B) 
856 4 0 |3 Digitalia Hispánica  |u https://www.digitaliapublishing.com/a/53738/ 
910 |a Premium collection: 2025